000 00768nam a2200205 i 4500
001 67731
003 ES-MaACL
005 20230906170135.0
007 t|
008 040203s1972 sp ||||1| spa d
100 1 _aGalvao de Sousa, José Pedro.
_953697
245 1 3 _aLa historicidad del Derecho y la elaboración legislativa /
_cJosé Pedro Galvao de Sousa ; traducción y apéndice por Juan Antonio Sardina-Páramo.
260 _aMadrid :
_bEscelicer,
_c1972.
300 _a191 p. ;
_c19 cm.
490 1 _aBiblioteca hispánica de filosofía del derecho ;
_v8
700 1 _aSardina Páramo, Juan Antonio.
_9103795
830 0 _aBiblioteca hispánica de filosofía del derecho ;
_v8
_9183210
852 _aES-MaACL
_jC-42835
_bR.81765
999 _c67731
_d67731